Statistics for Russian Opera Composers

Click here to take the quiz!

General Stats

  • This quiz has been taken 27 times
  • The average score is 7 of 12

Answer Stats

HintAnswer% Correct
Eugene OneginPyotr Ilyich Tchaikovsky
96%
Boris GodunovModest Mussorgsky
88%
Lady Macbeth of the Mtsensk DistrictDmitri Shostakovich
83%
Prince IgorAlexander Borodin
75%
The Snow MaidenNikolai Rimsky-Korsakov
75%
The Fiery AngelSergei Prokofiev
75%
RenardIgor Stravinsky
71%
A Life for the TsarMikhail Glinka
71%
Francesca da RiminiSergei Rachmaninoff
67%
RusalkaAlexander Dargomyzhsky
4%
JudithAlexander Serov
4%
Askold's GraveAlexey Verstovsky
4%

Score Distribution

Percentile by Number Answered

Percent of People with Each Score

Your Score History

You have not taken this quiz